[Event "Zuerich Chess Challenge Rapid 5th"]
[Site "Zuerich"]
[Date "2016.02.13"]
[Round "2"]
[White "Shirov, Alexei"]
[Black "Nakamura, Hikaru"]
[Result "0-1"]
[WhiteElo "2684"]
[BlackElo "2787"]
[Annotator "Mokal,P"]
[PlyCount "76"]
[EventDate "2016.02.13"]
[EventType "tourn (rapid)"]
[EventRounds "5"]
[EventCountry "SUI"]
[EventCategory "21"]
[SourceTitle "CBM 171"]
[Source "ChessBase"]
[SourceDate "2016.03.14"]
[SourceVersion "2"]
[SourceVersionDate "2016.03.14"]
[SourceQuality "1"]

1. e4 e6 2. d4 d5 3. e5 c5 4. c3 Nc6 5. Nf3 Qb6 6. a3 Nh6 7. b4 cxd4 8. Bxh6 (
8. cxd4 Nf5 9. Bb2 {is the main line.} ({while} 9. Be3 {is another story.}))
8... gxh6 9. cxd4 {Black's ^^ and open g<-> compensate for the spoilt pawn
structure. Add to it the fact that White cannot develop as harmoniously as he
would like to, and one can conclude that Black has equal prospects in this
position.} Bd7 {[%csl Rc3][%cal Gc6b4,Gf8b4]} (9... Bg7 {allows White to
develop harmoniously with} 10. Nc3) 10. Ra2 ({The natural move} 10. Nc3 $2 {
is met strongly by} Nxb4 $1 11. axb4 Bxb4 12. Rc1 (12. Qc1 Rc8 13. Ra3 Be7 $1
$17 {[%cal Gb6b4] /\...Qb4}) 12... Rc8 13. Qb3 Qa5 14. Kd2 O-O (14... Ba4 15.
Qb2 O-O $19) 15. Bd3 Rc7 $19) ({Another way to handle the position is} 10. Be2
Rg8 11. O-O) 10... Rg8 {[%cal Gg8g2,Gg4d4] Not only slowing down White's >>
development but also threatening the active ...Rg4.} (10... Bg7 11. Nc3 O-O 12.
Na4 $14 {[%cal Ga4c5]}) 11. h3 ({Shirov did once ignore Black's active idea
and played the complex position after} 11. g3 Rg4 $1 12. Rd2 a5 13. b5 Re4+ 14.
Be2 Qxb5 15. O-O Qb6 16. Bd3 Rg4 17. Bxh7 a4 $132 {1-0 Shirov,A (2691)-Szelag,
M (2456)/Baden-Baden GER 2015 (40). He eventually went on to win, but it was
not because of the opening.}) 11... h5 12. g3 (12. Rc2 Ne7 (12... Nxb4 $5 13.
axb4 Bxb4+ 14. Nbd2 Ba4 $132) 13. Nc3 $6 (13. Qd3 $142) 13... Nf5 14. g3 a5 15.
b5 Bxa3 $17 {1-0 Shirov,A (2675)-Schenk,A (2491)/Germany 2014 (37)}) 12... h4
13. g4 (13. gxh4 {[%csl Rh3,Rh4] gives White a worthless extra pawn and
increases the scope of Black's pieces, for example} h5 14. Be2 (14. Rd2 a5 15.
b5 Ne7 16. Ng5 Nf5 17. Qxh5 Rg7 $36 {[%csl Rd4,Rh4]}) 14... a5 15. b5 Ne7 $36 {
[%cal Ge7f5,Gg8g1]}) 13... Be7 ({Worth considering is} 13... h5 14. g5 (14.
gxh5 $5) 14... Ne7 15. Nc3 Nf5 $13 {1/2-1/2 Stevic,H (2611)-Poetsch,H (2475)/
Sankt Veit an der Glan AUT 2014 (46)}) 14. Be2 (14. Qd3 Rg7 (14... h5 $5) 15.
Nc3 $6 (15. Nbd2 $5) 15... Rc8 16. Rc2 Bxb4 $1 17. axb4 Nxb4 18. Qd2 Nxc2+ 19.
Qxc2 Qa5 $15 {0-1 Kharchenko,D (2006)-Arslanov,S (2416)/St Petersburg 2012 (41)
}) 14... f6 15. b5 $146 (15. Qd3 Rg7 16. b5 $5 Na5 17. exf6 Bxf6 18. Nbd2 O-O-O
(18... Rc8 $142 19. a4 Rc1+ 20. Bd1 a6 $15) 19. Qe3 Rf8 $6 20. Rc2+ Kd8 $2 (
20... Kb8 21. g5 $16) 21. g5 {1-0 Paehtz,E (2449)-Heinatz,G (2169)/Warsaw POL
2013} (21. g5 Be7 22. Qe5 $18 {[%cal Ge5b8]})) 15... Nd8 {[%cal Gd8f7]
Nakamura's choice of the N-route is a matter of taste.} ({Also possible was} 
15... Na5 $5 {/\ ...Rc8,Nc4.}) 16. Qd3 (16. Nxh4 $2 fxe5 $17) 16... Rg7 17. Nc3
Nf7 {Black's pieces almost look like they are completing a puzzle. It is this
coordination that gives Black chances of taking over the initiative.} 18. O-O
$6 (18. exf6 $142 Bxf6 19. Qe3 (19. Kf1 {does not free White's pieces.} Qd6 20.
Rg1 (20. Kg2 h5 $36) 20... O-O-O $15) 19... Qd6 $132) 18... h5 $5 ({A stronger
move was} 18... fxe5 19. Nxe5 (19. dxe5 h5 $17) (19. Na4 Qa5 $17) 19... Nxe5
20. dxe5 Rc8 $36) 19. Na4 Qd8 (19... Qa5 $5 20. exf6 Bxf6 21. Nc5 hxg4 $36) 20.
exf6 Bxf6 21. Nc5 hxg4 22. hxg4 b6 (22... Rxg4+ 23. Kh1 {[%csl Rb7,Rg4][%cal
Gc5b7,Gf3e5]} Rg7 (23... b6 $2 24. Nxd7 Qxd7 25. Ne5) 24. Nxb7 Qb8 $15) (22...
Bc8 23. Kh1 b6 24. Na6 Qd6 $15) 23. Nxd7 Qxd7 24. Kh1 Rc8 (24... Rxg4 $2 25.
Ne5 $18) (24... Qd6 $5 25. Rc2 Qf4 $36) 25. Rc2 (25. Rg1 $5 Qd6 26. Rc2 Rxc2
27. Qxc2 Ng5 (27... Qxa3 28. g5 Nxg5 29. Nxg5 Bxg5 30. Qc8+ Kf7 31. Bh5+ Kf6
$13) 28. Qc8+ Kf7 29. Rc1 (29. Qb7+ Qe7 $15) 29... Nxf3 30. Bxf3 Rg8 31. Qb7+
Kg6 32. g5 $1 $11 {[%cal Gc1c6]}) 25... Rxc2 26. Qxc2 Nd6 {[%cal Gd6e4]} 27.
Ne5 Bxe5 28. dxe5 Ne4 29. Kg2 $132 {Shirov has played some inspiring chess in
the last few moves to come out unscathed from a difficult position.} Nc5 30.
Rh1 {But here and on on the next few moves he had a chance to play f4 to take
some space and create activity for himself. Although the White K could get a
little more vulnerable, the control that the pawn mass could exert would
definitely compensate for it.} (30. f4 $5 d4 31. Qc4 $14) (30. Kh3 {[%cal
Gf2f4]} d4 31. Bd3 Qd5 $132) 30... Qe7 (30... d4 $5 31. Bf3 (31. Rxh4 $2 d3 $19
) 31... Qxb5 $13) 31. Qc1 {[%cal Gc1h6]} (31. f4 $5 Rf7 32. Rf1) 31... Rh7 32.
Qe3 Qg7 33. Rc1 {[%cal Ga3a4,Ga4a5]} (33. f4 $5 Qg6 $132) 33... Qf8 $1 {
[%cal Gf8c5,Gh7f7,Gf7f4]} 34. a4 {Missing the last opportunity to play f4.} (
34. f4 $5 Rf7 35. Rf1 $132) 34... Rf7 35. f3 $6 (35. a5 $142 Rf4 (35... h3+ 36.
Kg1 (36. Kg3 Ne4+ $40) 36... h2+ 37. Kg2 Rf4 38. axb6 axb6 39. Ra1 Qh6 40. Bf3)
36. axb6 axb6 37. Ra1 Qh6 38. Ra8+ Kf7 39. Ra7+ Kg6 40. Bd3+ Ne4 41. Bxe4+ Rxe4
42. Qxh6+ Kxh6 43. Kh3 $11) 35... Rf4 {[%csl Ra4][%cal Gf8h6,Gd5d4,Gh6e3,Gh6h3]
The position now becomes very risky for White, especially with only five
minutes left on the clock.} 36. Rxc5 $2 $138 {It is hard to suggest anything
for White, but with time running out, Shirov makes a desperate sacrifice that
turns out to be the decisive mistake.} (36. a5 Qh6 $40) (36. Rh1 $142 d4 37.
Qd2 Qh6 38. Qe1 Qg5 $36) 36... bxc5 37. a5 h3+ (37... Rb4 $5 38. b6 axb6 39. a6
Kd7 40. a7 Kc7 $19) 38. Kg3 (38. Kxh3 Qh6+ 39. Kg2 (39. Kg3 Rxg4+ $19) 39...
Rxg4+ 40. Kf2 Qh4+ 41. Kf1 Qh1+ 42. Kf2 Qg1#) (38. Kh2 Kd7 $19) 38... h2 (38...
h2 39. Kxh2 Qh6+ 40. Kg2 Rxg4+ $19) 0-1

[Event "Zuerich Chess Challenge Rapid 5th"]
[Site "Zuerich"]
[Date "2016.02.15"]
[Round "5"]
[White "Aronian, Levon"]
[Black "Nakamura, Hikaru"]
[Result "0-1"]
[WhiteElo "2792"]
[BlackElo "2787"]
[Annotator "Pavlovic,M"]
[PlyCount "78"]
[EventDate "2016.02.13"]
[EventType "tourn (rapid)"]
[EventRounds "5"]
[EventCountry "SUI"]
[EventCategory "21"]
[SourceTitle "CBM 171"]
[Source "ChessBase"]
[SourceDate "2016.03.14"]
[SourceVersion "2"]
[SourceVersionDate "2016.03.14"]
[SourceQuality "1"]

1. d4 d5 2. c4 e6 3. Nf3 Nf6 4. Nc3 Be7 5. Bf4 O-O 6. e3 Nbd7 7. c5 c6 8. h3 b6
9. b4 a5 10. a3 h6 {The latest twist in the line; Black waits a bit with the
idea of Ba6.} 11. Bd3 {White has an interesting idea as well :} (11. Qc1 Bb7
12. Bd3 Qc8 13. O-O Ba6 14. Bxa6 Rxa6 15. Qb2 Qb7 16. Rfb1 axb4 17. axb4 Rxa1
18. Qxa1 Ra8 19. Qb2 Bd8 20. Ra1 Ne8 21. Rxa8 Qxa8 22. Qa2 Qxa2 23. Nxa2 b5 24.
Nc1 Bc7 25. Nb3 Bxf4 26. exf4 f6 27. Na5 Nb8 {½-½ (54) Tabatabaei,M (2470)
-Harutyunian,T (2448) Yerevan 2016 Equal chances; Black can easily defend this
endgame.}) 11... Ba6 12. O-O Bxd3 (12... Qc8 13. Rb1 axb4 14. axb4 Bxd3 15.
Qxd3 Ra3 (15... Qb7 {This transposes to the main game.}) 16. Qc2 Qb7 {is a
better option, transposing to the Van Wely -Aronian game given below.} (16...
Qa6 $6 17. Rfc1 Ra8 18. b5 $1 $16 {1/2-1/2 (49) Petrosyan,T (2423)-Harutyunian,
T (2472) Yerevan 2015})) 13. Qxd3 Qc8 14. Rfc1 Qb7 15. Rab1 axb4 16. axb4 Rfc8
{Aronian himself was on the black side of a line as well! :} (16... Ra3 17. Qc2
Rfa8 18. Nd2 bxc5 19. bxc5 Qc8 20. Rb3 Rxb3 21. Nxb3 Bd8 22. Rb1 Bc7 23. Bxc7
Qxc7 24. Ra1 Rxa1+ 25. Nxa1 Qa5 26. Nb3 Qb4 27. Nc1 e5 $11 28. Nd3 Qc4 29. Nb2
Qb4 30. Nd3 Qc4 31. Nb2 Qb4 {1/2-1/2 (31) Van Wely,L (2692)-Aronian,L (2805)
Wijk aan Zee 2012}) 17. Nd2 Bd8 {All thematic so far} 18. Nb3 {White has a few
other interesting choices:} (18. e4 Ra3 19. e5 Nh7 20. Qc2 Nhf8 21. Ra1 {
White has more space but Black is very solid.}) (18. Bd6 $5 Ne8 (18... Bc7 19.
e4 $1 Bxd6 20. cxd6 $36) 19. Bh2 Bc7 20. Bxc7 Nxc7 21. Nb3 {An interesting
position in which White has managed to slightly change the character of the
game, perhaps something to consider.}) 18... Bc7 19. Bxc7 Qxc7 20. Ra1 (20.
cxb6 Qxb6 21. Na5 Ne8 22. Qc2 Nd6 23. Rb3 Ra7 24. Na4 Qb5 25. Nc5 Nb6 $11)
20... Qb7 {The position is equal} 21. b5 $6 (21. Rxa8 Rxa8 22. b5 cxb5 23. Qxb5
(23. Nxb5 Qc6 24. Qf1 Rb8 25. Na7 Qc7 26. Nb5 Qc6 $11) 23... Qc7 24. Na4 bxc5
25. Naxc5 Qb6 $11) 21... Rxa1 22. Rxa1 bxc5 23. Na5 Qa8 24. Nb3 Qb7 25. Na5 Qa8
26. Nb3 Qb8 27. dxc5 cxb5 {Well it seems that White has lost a pawn without
any compensation.} 28. Qd4 (28. Qxb5 Qxb5 29. Nxb5 Nxc5 30. Rc1 Nfd7 31. Nd6
Rc7 32. Nb5 Rc6 33. N5d4 Rc8 $17) 28... b4 29. Na4 Qb5 30. Qb2 Ne4 31. f3 Nexc5
32. Naxc5 Nxc5 33. Rc1 Rc7 34. Qe5 Qb6 35. f4 $2 (35. Qd4 Nxb3 36. Qxb6 Rxc1+
37. Kh2 Nd2 38. Qxb4 Nf1+ 39. Kg1 Nxe3+ 40. Kf2 Nf5 41. g4 Nh4 {Black is
clearly better, still it was probably White's best chance.}) 35... Na6 36. Ra1
Rc3 37. Nd4 Nc7 38. Rb1 f6 39. Qh5 Rxe3 0-1

[Event "USA-ch"]
[Site "Saint Louis"]
[Date "2016.04.16"]
[Round "3"]
[White "Nakamura, Hikaru"]
[Black "Chandra, Akshat"]
[Result "1/2-1/2"]
[WhiteElo "2787"]
[BlackElo "2477"]
[Annotator "Besenthal,K"]
[PlyCount "83"]
[EventDate "2016.04.14"]
[EventType "tourn"]
[EventRounds "11"]
[EventCountry "USA"]
[EventCategory "17"]
[SourceTitle "CBM 172"]
[Source "ChessBase"]
[SourceDate "2016.05.12"]
[SourceVersion "1"]
[SourceVersionDate "2016.05.12"]
[SourceQuality "1"]

1. Nf3 d5 2. c4 e6 3. g3 dxc4 4. Bg2 a6 5. O-O Nf6 6. Qc2 Bd6 7. Qxc4 b5 8. Qb3
Bb7 {Diagramm [#]} ({Nach} 8... c5 {musste sich ein anderer Weltklassemann im
weiteren Verlauf sogar eine Weile mit einem Minusbauern plagen, bevor er zum
Remis kam.} 9. d3 Nc6 10. a4 Rb8 11. axb5 axb5 12. Nc3 O-O 13. Bg5 Be7 14. Rfc1
Qb6 15. Bxf6 gxf6 16. Qc2 Bb7 17. Qd2 Na5 18. Nd5 Bxd5 19. Qxa5 Qxa5 20. Rxa5
c4 21. Nh4 Bb4 22. Ra7 cxd3 23. exd3 Bxg2 24. Kxg2 Rfc8 25. Rcc7 Rxc7 26. Rxc7
Rd8 27. Rb7 Rxd3 28. Rxb5 Rb3 29. Nf3 Rxb2 30. g4 Bc3 31. Rxb2 Bxb2 32. Nd2 Kg7
33. Kf3 Kg6 34. Nc4 Bd4 35. h3 f5 36. Nd6 fxg4+ 37. hxg4 Be5 38. Nc4 Bb8 39.
Nb6 Ba7 40. Nc4 f5 41. gxf5+ Kxf5 42. Nd6+ Ke5 43. Nf7+ Kf6 44. Nd8 Bb6 45.
Nxe6 {1/2-1/2 (45) Grischuk,A (2795)-Inarkiev,E (2688) Sochi 2014}) 9. a4 c5
10. d3 Bd5 11. Qc2 Nbd7 12. Nc3 Bc6 13. Ne1 Bxg2 14. Nxg2 Rb8 15. axb5 axb5 {
Diagramm [#] Es ist Nakamura nicht gelungen, irgendetwas aus der Eröffnung
herauszuholen: Weder einen handfesten Vorteil, noch Ansatzpunkte zur Erlangung
eines solchen.} 16. Ra6 Qc7 17. Qb3 b4 18. Nb1 Nb6 19. Bg5 Nfd7 20. Nd2 O-O 21.
Ne4 h6 22. Be3 Be7 23. Rfa1 Ra8 24. Rxa8 Rxa8 25. Rxa8+ Nxa8 26. Qa2 Nab6 27.
Nd2 Qc6 28. Ne1 Qa4 29. Qxa4 Nxa4 30. b3 Nc3 31. Kf1 f5 32. Nc4 Kf7 33. Bd2 Nb5
34. Nc2 Bf6 35. e4 Ne5 36. exf5 exf5 37. Be3 Nd7 38. h4 Ke6 39. Ne1 Nd4 40.
Bxd4 Bxd4 41. Nf3 Bf6 42. Ke2 {Diagramm [#] Die letzten fünfzehn Züge musste
Nakamura eher defensiv denken - so gesehen dürfte er froh gewesen sein, die
Partie beenden zu können.} 1/2-1/2

[Event "Saint Louis Ultimate Blitz Challenge"]
[Site "Saint Louis"]
[Date "2016.04.29"]
[Round "14"]
[White "Nakamura, Hikaru"]
[Black "Kasparov, Garry"]
[Result "1/2-1/2"]
[WhiteElo "2787"]
[BlackElo "2812"]
[Annotator "CB"]
[PlyCount "98"]
[EventDate "2016.04.28"]
[EventType "tourn (blitz)"]
[EventRounds "18"]
[EventCountry "USA"]
[EventCategory "22"]
[SourceTitle "CBM 172 Extra"]
[Source "ChessBase"]
[SourceDate "2016.06.21"]
[SourceVersion "1"]
[SourceVersionDate "2016.06.21"]
[SourceQuality "1"]

1. d4 Nf6 2. c4 g6 3. f3 c5 4. d5 d6 5. Nc3 e6 6. e4 Bg7 7. Nge2 exd5 8. cxd5
a6 9. a4 Nbd7 10. Ng3 h5 11. Be2 h4 12. Nf1 Nh5 13. Be3 f5 14. exf5 gxf5 15.
Nd2 Ne5 16. f4 Ng4 17. Nc4 O-O 18. O-O {Diagramm [#] Schwarz hätte hier den
Le3 schlagen können, doch Kasparov konnte der Gelegenheit nicht widerstehen,
seinen Springer nach g3 zu stellen.} Ng3 $5 19. hxg3 hxg3 20. Bxg4 fxg4 21. Ne4
$1 {Stark verteidigt von Nakamura, der sich bereit macht, seinen Springer für
den Bg3 zu geben.} Qh4 22. Nxg3 Qxg3 23. Qe1 $1 {Der Damentausch ist
unvermeidbar und Weiß sollte danach deutlichen Vorteil haben.} Qxe1 24. Raxe1
Bd7 (24... Rf6 {war am besten.}) 25. Nxd6 Bxa4 26. Bxc5 b6 27. Ba3 (27. Bxb6
Rfb8 28. Bc5 Rxb2 29. f5 $18) 27... Bb3 28. Kh2 (28. f5 $5 g3 29. Rf4 $18)
28... Bxd5 29. Kg3 b5 30. Rd1 Ba2 31. Kxg4 Rab8 32. Bc5 b4 33. Rd2 a5 34. Ra1
b3 35. Re1 Rxf4+ $1 {Kasparov ist hellwach!} 36. Kxf4 Bh6+ 37. Kg4 Bxd2 38. Re7
Bb4 39. Bxb4 Rxb4+ 40. Kg5 Bb1 41. Ra7 a4 42. Ne8 Kf8 43. Nf6 Rd4 44. g4 Rd2
45. Rxa4 Rxb2 46. Rb4 Kf7 47. Nd5 Rd2 48. Rb7+ Kf8 49. Rb8+ Kf7 1/2-1/2

[Event "Saint Louis Ultimate Blitz Challenge"]
[Site "Saint Louis"]
[Date "2016.04.29"]
[Round "17"]
[White "Kasparov, Garry"]
[Black "Nakamura, Hikaru"]
[Result "1-0"]
[WhiteElo "2812"]
[BlackElo "2787"]
[Annotator "CB"]
[PlyCount "125"]
[EventDate "2016.04.28"]
[EventType "tourn (blitz)"]
[EventRounds "18"]
[EventCountry "USA"]
[EventCategory "22"]
[SourceTitle "CBM 172 Extra"]
[Source "ChessBase"]
[SourceDate "2016.06.21"]
[SourceVersion "1"]
[SourceVersionDate "2016.06.21"]
[SourceQuality "1"]

1. e4 e5 2. Nf3 Nc6 3. d4 exd4 4. Nxd4 Bc5 5. Be3 Qf6 6. c3 Nge7 7. Bc4 Ne5 8.
Bb3 Qg6 9. O-O d5 10. Bf4 Bg4 11. Qc2 Bxd4 12. cxd4 N5c6 13. Qd2 Qxe4 $2 {
Eine seltsame Entscheidung Nakamuras, mit der er eine Figur aufgibt.} (13...
Bf3 $5 14. Bg3 Bxe4 15. Nc3 $44) 14. f3 Bxf3 15. gxf3 Qxd4+ 16. Qxd4 Nxd4 17.
Bxc7 {Schwarz hat nur zwei Bauern für die Figur, und das ist zu wenig.
Kasparov gewinnt die Partie, aber nicht so elegant, wie er es gerne gehabt
hätte.} Kd7 18. Bg3 Nxb3 19. axb3 Nf5 20. Nc3 d4 21. Rfd1 Rhd8 22. Rd3 Kc6 23.
Ne2 Rd5 24. Rad1 Rad8 25. Bf2 Kc5 26. Rc1+ Kb5 27. Rc4 b6 28. Ng3 Nh4 29. Kf1
Ka6 30. Rc7 Rf8 31. b4 g6 32. Ne2 Nf5 33. Nxd4 Nxd4 34. Rxd4 Rf5 35. Rd3 Rf4
36. Rb3 Kb5 37. Rxa7 Re8 38. Rb7 Re6 39. Re3 Ref6 40. Kg2 Rxb4 41. b3 Kc6 42.
Ra7 h5 43. Rc3+ Kb5 44. Re7 Rf5 45. h4 g5 46. hxg5 Rxg5+ 47. Kh3 Rf5 48. Rb7
Ka6 49. Re7 Rbf4 50. Ree3 Kb5 51. Bg3 Rd4 52. Re5+ Rd5 53. Rxd5+ Rxd5 54. Rc4
Rd3 55. Rf4 Rxb3 56. Rxf7 Kc4 57. f4 b5 58. f5 Kd5 59. Rd7+ Ke4 60. f6 Rf3 61.
f7 b4 62. Kg2 b3 63. Re7+ 1-0

[Event "Titled Tuesday intern op1 3rd May"]
[Site "Chess.com INT"]
[Date "2016.05.03"]
[Round "2"]
[White "Nakamura, Hikaru"]
[Black "Saric, Ante"]
[Result "1-0"]
[WhiteElo "2838"]
[BlackElo "2503"]
[PlyCount "65"]
[EventDate "2016.05.03"]
[EventType "swiss (blitz)"]
[EventRounds "9"]
[EventCountry "USA"]
[SourceTitle "EXT 2021"]
[Source "ChessBase"]
[SourceDate "2020.10.23"]
[SourceVersion "1"]
[SourceVersionDate "2020.10.23"]
[SourceQuality "1"]

1. d4 Nf6 2. c4 e6 3. Nc3 Bb4 4. e3 O-O 5. Nge2 d5 6. a3 Be7 7. cxd5 exd5 8.
Nf4 Re8 9. Bd3 Bd6 10. O-O Bxf4 11. exf4 Nc6 12. Be3 Ne7 13. f3 Bf5 14. g4 Bxd3
15. Qxd3 Qd7 16. f5 Nc8 17. Bg5 c6 18. Bxf6 gxf6 19. Qd2 Nd6 20. Qh6 Qe7 21.
Rae1 Qxe1 22. Rxe1 Rxe1+ 23. Kf2 Rae8 24. Qxf6 Nc4 25. Ne4 dxe4 26. Kxe1 e3 27.
Qh6 f6 28. Qxf6 Nxb2 29. Qg5+ Kf7 30. Qh5+ Kf8 31. Ke2 Nd3 32. Kxd3 e2 33.
Qxe8+ 1-0